000 00469nam a2200169Ia 4500
005 20250424120325.0
008 250424s9999 xx 000 0 und d
022 _a00396109
050 _aRD 599 .S5/
245 0 _aSurgical clinics of north america: updates in endocrine surgery
260 _aPhiladelphia
260 _bElsevier Inc.
260 _c1996
300 _aix, 951 p. : ill. ; 21 cm.
650 _aEndocrine glands--Surgery--Periodicals.
942 _cSR
999 _c38660
_d38660